পিটার প্যান /

書目詳細資料
主要作者: ব্যারি, জেমস ম্যাথিউ
其他作者: আলম, ফজলুল
格式: 圖書
語言:Bengali
出版: ঢাকা : বাংলা একাডেমী, ২০০৪.
版:দ্বিতীয় সংস্করণ.
主題:
Classic Catalogue: View this record in Classic Catalogue
LEADER 01444nam a22003137a 4500
001 36074
003 BD-DhAAL
005 20250622114756.0
008 211107t20041981bg a|||| |||| 00| j ben d
020 |a 9840744283 
040 |a BD-DhAAL  |d BD-DhAAL 
041 |a ben 
082 |a 823.912 
100 |a ব্যারি, জেমস ম্যাথিউ.  |9 42402 
245 |a পিটার প্যান /  |c জেমস ম্যাথিউ ব্যারি; ফজলুল আলম অনূদিত. 
246 |a Peter pan 
250 |a দ্বিতীয় সংস্করণ. 
260 |a  ঢাকা :  |b বাংলা একাডেমী,  |c ২০০৪. 
300 |a ১১৫ পৃষ্ঠা :  |b চিত্র ;  |c ২২ সে.মি. 
500 |a The adventures of the three Darling children in Never-Never Land with Peter Pan, the boy who would not grow up 
526 |a BIED 
541 |a Complimentary copy from BIED  |e 36074 
650 |a Peter Pan (Fictitious character)  |v Drama.  |9 42396 
650 |a Fantasy.  |9 42397 
700 |a আলম, ফজলুল.  |9 42394 
852 |a Ayesha Abed Library  |c General Stacks 
942 |2 ddc  |c BK 
999 |c 43318  |d 43318 
952 |0 0  |1 0  |2 ddc  |4 0  |6 823_912000000000000_BAR  |7 0  |9 69486  |a BRACUL  |b BRACUL  |c GEN  |d 2021-11-07  |e Complimentary copy from BIED  |l 3  |m 2  |o 823.912 BAR  |p 3010036074  |r 2025-06-22  |s 2025-05-25  |t 1  |w 2021-11-07  |y BK  |x Transferred from BIED to General Stacks